000 00365nam a2200145Ia 4500
008 240624s9999 xx 000 0 und d
041 _aeng
082 _a338.5 ARN
100 _aARNOLD ROGER A
245 _aMICROECONOMICS
250 _a(11th ed.)
260 _c2014
_aNew Delhi
_bSouth-Western Cengage Learning
300 _axxx, 523 p.; 25 cm.
365 _c
_b26
999 _c29811
_d29811